Welcome to the Holygrace Academy Library

Please use search bar below to get started

HINDI VYAKARAN NIDHI (Record no. 4516)

MARC details
000 -LEADER
fixed length control field 00264nam a22001217a 4500
082 ## - DEWEY DECIMAL CLASSIFICATION NUMBER
Classification number 494
Item number CHO/H
100 ## - MAIN ENTRY--AUTHOR NAME
Personal name CHEMMACHIRY,REENA
245 ## - TITLE STATEMENT
Title HINDI VYAKARAN NIDHI
260 ## - PUBLICATION, DISTRIBUTION, ETC. (IMPRINT)
Place of publication GUNTUR
Name of publisher REENA CHEMMACHIRY
300 ## - PHYSICAL DESCRIPTION
Number of Pages 127
650 ## - SUBJECT ADDED ENTRY--TOPICAL TERM
Topical Term GRAMMAR
Geographic subdivision GUNTUR
942 ## - ADDED ENTRY ELEMENTS (KOHA)
Koha item type Books
Holdings
Withdrawn status Lost status Collection code Home library Current library Shelving location Date acquired Source of acquisition Cost, normal purchase price Full call number Accession Number Koha item type
    Reference Main Library Main Library   27/03/2018 PURCHASE 100.00 494 CHO/H 10195 Books